Condados criados em Portugal - Statistics

Estatísticas Gerais
  • Esse quiz foi jogado 372 vezes
    356 desde o último reset
  • A pontuação média é 149 de 429
Estatísticas das Respostas
Condados Ano % Correto
Porto Brandão 1884
75%
Porto Covo da Bandeira 1843
75%
Porto Santo (1ª Criação) 1640
75%
Porto Santo (2ª Criação) 1823
75%
Guimarães 1464
61%
Leiria 1890
61%
Barcelos 1298
59%
Castelo 1921
59%
Viana 1692
59%
Viana (da Foz do Lima) 1450
59%
Viana (do Alentejo) 1373
59%
Vilar Maior 1653
59%
Faro 1469
57%
Oeiras 1759
57%
Ponte 1661
57%
Ponte de Santa Maria 1842
57%
Vilar Seco 1890
57%
Abrantes 1476
55%
Cascais 1898
55%
Guarda 1860
55%
Moura 1868
55%
Ourém 1370
55%
Portalegre 1498
55%
Vila Real (1ª Criação) 1424
55%
Vila Real (2ª Criação) 1823
55%
Castro 1862
52%
Sintra 1823
52%
Almeida 1875
50%
Almeida Araújo 1901
50%
Amarante 1811
50%
Cantanhede 1479
50%
Castelo Branco 1870
50%
Ferreira 1850
50%
Mafra 1836
50%
Mértola 1668
50%
Óbidos 1636
50%
Santar 1904
50%
Silves 1897
50%
Tomar 1845
50%
Almada 1793
48%
Anadia 1808
48%
Arganil 1472
48%
Arraiolos 1371
48%
Barreiro 1813
48%
Castro Marim 1823
48%
Cuba 1901
48%
Figueira 1810
48%
Loulé 1471
48%
Mangualde 1905
48%
Oliveira dos Arcos 1829
48%
Torre 1638
48%
Vila Verde 1654
48%
Vizela 1900
48%
Alcáçovas 1834
45%
Alvito 1788
45%
Armamar 1639
45%
Azambuja 1763
45%
Castelo de Paiva 1886
45%
Castro Daire 1625
45%
Covilhã (Refúgio) 1898
45%
Funchal 1808
45%
Lousã 1765
45%
Matosinhos e São João da Foz 1580
45%
Odemira 1446
45%
Palmela 1812
45%
Peniche 1806
45%
Refúgio (Covilhã) 1850
45%
São Salvador de Matosinhos 1880
45%
Águeda 1905
43%
Alcoutim 1496
43%
Alva 1729
43%
Castanheira 1532
43%
Castelo Rodrigo 1594
43%
Condeixa (1ª Criação) 1853
43%
Condeixa (2ª Criação) 1874
43%
Felgueiras 1907
43%
Idanha-a-Nova (1ª Criação) 1582
43%
Idanha-a-Nova (2ª Criação) 1892
43%
Lourinhã 1824
43%
Moita 1824
43%
Monsaraz 1890
43%
Murça 1826
43%
Penamacor 1475
43%
Póvoa 1823
43%
São João da Pesqueira 1611
43%
São João de Ver 1904
43%
Torres Vedras 1550
43%
Trancoso 1811
43%
Vila Flor (1ª Criação) 1606
43%
Vila Flor (2ª Criação) 1661
43%
Vimioso 1515
43%
Alte 1868
41%
Basto (1ª Criação) 1582
41%
Basto (2ª Criação) 1829
41%
Borba 1486
41%
Cavaleiros 1802
41%
Évora-Monte 1797
41%
Feira 1481
41%
Franco e Almodôvar 1890
41%
Gouveia 1879
41%
Macedo 1890
41%
Machico 1825
41%
Miranda do Corvo 1611
41%
Olivença 1476
41%
Penela 1471
41%
Pinhel 1893
41%
Praia da Vitória 1832
41%
Proença-a-Velha 1890
41%
Redondo 1500
41%
Ribeira Grande 1662
41%
Santiago de Lobão 1908
41%
Seia (1ª Criação) 1373
41%
Seia (2ª Criação) 1820
41%
Torres Novas 1855
41%
Vidigueira 1519
41%
Vila da Horta 1550
41%
Vila da Praia da Vitória 1832
41%
Vila Nova de Cerveira 1866
41%
Vila Nova de Portimão 1504
41%
Vila Pouca de Aguiar 1647
41%
Vinhais 1847
41%
Aguiar 1808
39%
Baía 1833
39%
Belmonte 1805
39%
Estrela 1873
39%
Foz 1862
39%
Leça 1906
39%
Marialva 1440
39%
Penaguião 1583
39%
Penha Firme 1853
39%
Penha Garcia 1900
39%
Penha Longa 1886
39%
Praia e Monforte 1881
39%
Resende 1754
39%
Sabrosa 1900
39%
Sabugal 1582
39%
Santiago de Beduído 1667
39%
São Vicente 1666
39%
Sobral 1844
39%
Tondela 1899
39%
Valença 1464
39%
Vila Franca 1583
39%
Vila Franca do Campo 1870
39%
Alcântara (1ª criação) 1858
36%
Alcântara (2ª criação) 1890
36%
Alvor 1683
36%
Arcos 1620
36%
Azenha 1852
36%
Barca 1815
36%
Caminha 1476
36%
Castelo Novo 1628
36%
Estarreja 1902
36%
Figueiró 1620
36%
Ilha da Madeira 1833
36%
Marim 1897
36%
Monforte 1830
36%
Penalva 1662
36%
Penalva de Alva 1886
36%
Rio Grande 1689
36%
Rio Maior 1802
36%
Rio Pardo 1815
36%
Santa Catarina 1894
36%
São Bento 1886
36%
São Miguel 1633
36%
Silvã 1852
36%
Silva Monteiro 1875
36%
Silva Sanches 1871
36%
Tarouca 1499
36%
Alegrete 1644
34%
Antas 1838
34%
Atalaia (1ª Criação) 1466
34%
Atalaia (2ª Criação) 1583
34%
Atouguia 1448
34%
Aveiras 1640
34%
Barros 1893
34%
Campanhã 1862
34%
Carcavelos 1889
34%
Cartaxo 1830
34%
Castelo Melhor 1611
34%
Castelo Mendo (1ª Criação) 1600
34%
Castelo Mendo (2ª Criação) 1908
34%
Costa 1875
34%
Costa Pereira 1900
34%
Ericeira 1622
34%
Esperança 1878
34%
Ficalho (1ª Criação) 1599
34%
Ficalho (2ª Criação) 1789
34%
Figueiredo Magalhães 1894
34%
Graciosa 1852
34%
Magalhães 1870
34%
Monsanto (1ª Criação) 1460
34%
Monsanto (2ª Criação) 1900
34%
Paço do Lumiar 1881
34%
Penafiel 1798
34%
Quinta das Canas 1870
34%
Santa Eulália 1870
34%
Santa Eulália da Serra 1908
34%
Santo André 1887
34%
São Mamede 1869
34%
Trindade 1881
34%
Alvelos 1853
32%
Ávila 1864
32%
Avilez 1838
32%
Azevedo 1876
32%
Azevedo e Silva 1889
32%
Barbacena 1816
32%
Cabo de Santa Maria 1905
32%
Cabo de São Vicente 1842
32%
Calhariz 1823
32%
Calhariz de Benfica 1888
32%
Caparica 1793
32%
Carnide 1890
32%
Castro Guimarães 1909
32%
Chayes 1904
32%
Coculim 1666
32%
Ega 1758
32%
Fonte Nova 1851
32%
Fornos de Algodres 1866
32%
Lapa 1822
32%
Massarelos 1469
32%
Melo 1835
32%
Monte Real 1907
32%
Mossâmedes 1886
32%
Napier de São Vicente 1842
32%
Nova Goa 1864
32%
Olivais 1886
32%
Oriola 1653
32%
Ottolini 1890
32%
Paço de Arcos 1890
32%
Pombeiro 1662
32%
Saldanha 1833
32%
Santa Cruz 1593
32%
Santa Luzia 1885
32%
São Januário 1889
32%
São Lourenço 1640
32%
São Martinho 1829
32%
Sarzedas 1630
32%
Soure 1652
32%
Vila Pouca 1848
32%
Vimeiro 1811
32%
Vimieiro 1614
32%
Wilson 1891
32%
Albuquerque 1909
30%
Alferrarede 1882
30%
Almendra 1906
30%
Ariz 1890
30%
Arnoso 1895
30%
Avelar 1901
30%
Avintes 1664
30%
Azarujinha 1890
30%
Azinhaga 1849
30%
Boavista 1883
30%
Bolhão 1855
30%
Bonfim 1838
30%
Botelho 1896
30%
Cabral 1867
30%
Cacilhas 1824
30%
Calçada 1872
30%
Calheiros 1890
30%
Calheta 1576
30%
Carnota 1870
30%
Carreira 1862
30%
Carvalhais 1826
30%
Carvalhal 1835
30%
Carvalhido 1884
30%
Cunha 1760
30%
Cunha Matos 1892
30%
Donalda 1850
30%
Duparchy 1891
30%
Ervideira 1903
30%
Fontalva 1890
30%
Fontebela 1870
30%
Galveias 1691
30%
Geraz do Lima 1848
30%
Itacolumi 1883
30%
Jimenez de Molina 1892
30%
Juncal 1890
30%
Junqueira 1874
30%
Macieira 1887
30%
Mahem 1893
30%
Martens Ferrão 1892
30%
Mendia 1890
30%
Mesquita 1901
30%
Mesquitela (1ª Criação) 1658
30%
Mesquitela (2ª Criação) 1818
30%
Neiva 1500
30%
Nevogilde 1909
30%
Paçô Vieira 1896
30%
Palma de Almeida 1908
30%
Rego Botelho 1894
30%
Restelo 1877
30%
Santa Isabel 1890
30%
São Joaquim 1890
30%
Sebastião de Pinho 1891
30%
Seisal 1871
30%
Sena 1889
30%
Sena Fernandes 1893
30%
Sousa Coutinho 1863
30%
Terena 1835
30%
Torre Bela 1894
30%
Unhão 1630
30%
Valadares 1702
30%
Vale de Reis 1628
30%
Vale Flor 1850
30%
Agarez 1908
27%
Agrolongo 1904
27%
Alhandra 1826
27%
Almarjão 1903
27%
Almedina 1882
27%
Alpendurada 1882
27%
Alviela 1838
27%
Ameal 1901
27%
Arge 1898
27%
Arrochela 1852
27%
Assumar 1677
27%
Aurora 1887
27%
Azinhoso 1583
27%
Bovieiro 1890
27%
Casal 1847
27%
Casal Ribeiro 1870
27%
Castro e Sola 1894
27%
Castro Minas 1896
27%
Cedofeita 1875
27%
Correia Bettencourt 1893
27%
Côvo 1882
27%
Daupias 1886
27%
Ephrussi 1890
27%
Farrobo 1833
27%
Feitosa 1890
27%
Fenais 1902
27%
Fijô 1903
27%
Foz de Arouce 1886
27%
Guazava 1493
27%
Ilha do Príncipe 1640
27%
Lagoaça 1866
27%
Lancastre 1873
27%
Lavradio (1ª Criação) 1670
27%
Lavradio (2ª Criação) 1725
27%
Linhares (1ª Criação) 1532
27%
Linhares (2ª Criação) 1808
27%
Lobata 1886
27%
Lumiares (1ª Criação) 1607
27%
Lumiares (2ª Criação) 1753
27%
Margaride 1877
27%
Paraty 1813
27%
Pedroso de Albuquerque 1881
27%
Pereira Marinho 1881
27%
Pontével 1662
27%
Povolide 1709
27%
Prado 1526
27%
Prado da Selva 1853
27%
Ribeiro da Silva 1887
27%
Sabugosa 1729
27%
Santa Marinha 1892
27%
São Cosme do Vale 1905
27%
São Paio 1764
27%
Seixas 1906
27%
Serra da Tourega 1889
27%
Serra Largo 1896
27%
Sieuve de Meneses 1893
27%
Sortelha 1527
27%
Sousa e Faro 1907
27%
Sousa Rosa 1906
27%
Taipa 1823
27%
Valbom 1875
27%
Valenças 1887
27%
Vilas Boas 1907
27%
Vilela 1907
27%
Alentém 1890
25%
Alto Mearim 1891
25%
Bertiandos 1852
25%
Bracial 1882
25%
Burnay 1886
25%
Camarido 1822
25%
Campo Belo 1887
25%
Canavial 1880
25%
Caria 1879
25%
Devezas 1890
25%
Laborim 1862
25%
Paço de Vitorino 1907
25%
Podentes 1865
25%
Pomarão 1897
25%
Prime 1879
25%
Ribeiro Real 1899
25%
São Marçal 1891
25%
Subserra 1823
25%
Sucena 1904
25%
Tabueira 1901
25%
Tavarede 1848
25%
Tentúgal 1504
25%
Vale da Rica 1897
25%
Verride 1901
25%
Vialonga 1903
25%
Vilalva 1908
25%
Vinhó 1906
25%
Almoster 1834
23%
Alpedrinha 1834
23%
Arriaga 1890
23%
Bemposta 1824
23%
Bobadela 1758
23%
Jácome Correia 1890
23%
Leopoldina 1891
23%
Lumbrales 1889
23%
Moser 1890
23%
Muge 1640
23%
Redinha 1900
23%
Rendufe 1852
23%
Rilvas 1862
23%
Serém 1643
23%
Simas 1901
23%
Stucky de Quay 1907
23%
Vila de Pangim 1829
23%
Alves Machado 1896
20%
Borralha 1883
20%
Caetano Pinto 1891
20%
Reriz 1950
20%
Ribandar 1890
20%
Safira 1850
20%
Samodães 1842
20%
Sandomil 1732
20%
Selir 1886
20%
Valbranca 1890
20%
Beirós 1887
18%
Folgosa 1885
18%
Lindoso 1887
18%
Sarmento 1862
16%
Tojal 1844
16%
Tovar 1890
16%
Armil 1906
11%
Nenhum quiz correspondente encontrado
Distribuição das Pontuações
Porcentagem de Pessoas com Cada Pontuação
Percentil de Números Respondidos
Sua Pontuação Histórica
Você não jogou esse quiz desde o último reset